Rumahku syurgaku : pendidikan keibubapaan :

Bibliographic Details
Format: Book
Published: Melaka : JKKM , 2005
Subjects:

MARC

LEADER 00000cam a2200000 7i4500
001 0000038677
005 20131119.0
008 131119
020 |a 9839302310 
090 0 0 |a 297.2   |b RUM 
245 1 0 |a Rumahku syurgaku :   |b pendidikan keibubapaan :   |b modul 2 
260 |a Melaka :   |b JKKM ,   |c 2005 
650 0 |a Faith (Islam) 
650 0 |a Marriage (Islam law) 
650 0 |a Pillar of Islam 
999 |a 0001249261   |b Book   |c Adult Collection   |e Perbadanan Perpustakaan Awam Johor 
999 |a 0001249266   |b Book   |c Adult Collection   |e Perbadanan Perpustakaan Awam Johor 
999 |a 0001249271   |b Book   |c Adult Collection   |e Perbadanan Perpustakaan Awam Johor